Elementary hydrology / (Record no. 544676)

000 -LEADER
fixed length control field 00429pam a2200145 a 4500
020 ## - INTERNATIONAL STANDARD BOOK NUMBER
International Standard Book Number 0132493845
082 00 - DEWEY DECIMAL CLASSIFICATION NUMBER
Classification number 551.48
Author Mark SIN
-- L-39, P-180.
100 1# - MAIN ENTRY--PERSONAL NAME
Personal name Singh, V. P.
9 (RLIN) 40351
245 10 - TITLE STATEMENT
Title Elementary hydrology /
Statement of responsibility, etc. Vijay P. Singh.
260 ## - PUBLICATION, DISTRIBUTION, ETC.
Place of publication, distribution, etc. Englewood Cliffs, NJ :
Name of publisher, distributor, etc. Prentice Hall,
Date of publication, distribution, etc. c1992.
300 ## - PHYSICAL DESCRIPTION
Extent xviii, 973 p. :
Other physical details ill. ;
Dimensions 25 cm.
526 ## - STUDY PROGRAM INFORMATION NOTE
Program name 0
Interest level 0
Reading level 0
Title point value 551_480000000000000_SIN
650 #0 - SUBJECT ADDED ENTRY--TOPICAL TERM
Topical term or geographic name entry element Hydrology.
942 ## - ADDED ENTRY ELEMENTS (KOHA)
Source of classification or shelving scheme
Koha item type Book
Holdings
Withdrawn status Lost status Source of classification or shelving scheme Damaged status Not for loan Permanent Location Current Location Date acquired Total Checkouts Full call number Barcode Date last seen Date last checked out Price effective from Koha item type
          Military College of Engineering (MCE) Military College of Engineering (MCE) 05/09/2014 2 551.48 SIN MCE-42930 10/10/2017 10/09/2017 05/09/2014 Book
© 2023 Central Library, National University of Sciences and Technology. All Rights Reserved.